Tourism and crime: Key themes (Record no. 16501)

MARC details
000 -LEADER
fixed length control field 00461nam a2200169Ia 4500
008 - FIXED-LENGTH DATA ELEMENTS--GENERAL INFORMATION
fixed length control field 230917s9999||||xx |||||||||||||| ||und||
020 ## - ISBN
Price GBP75
040 ## - CATALOGING SOURCE
-- 229110
Original cataloging agency VIVEKANANDA LIBRARY
041 ## - Language
-- English
082 ## - DDC NUMBER
Classification number 338.4791 B659T
100 ## - MAIN ENTRY--PERSONAL NAME
Personal name Botterill, David, ed.
245 #0 - TITLE STATEMENT
Title Tourism and crime: Key themes
260 ## - PUBLICATION, DISTRIBUTION, ETC. (IMPRINT)
Place of publication, distribution, etc Oxford
Name of publisher, distributor, etc Goodfellow Publishers
Date of publication, distribution, etc 2010
300 ## - PHYSICAL DESCRIPTION
Pages vii, 240 p.
500 ## - GENERAL NOTE
General note 2166 09/11/2015 PBA15/466 10/11/2015 IHTM (SFS)
942 ## - ADDED ENTRY ELEMENTS (KOHA)
Koha item type Books
Holdings
Withdrawn status Lost status Damaged status Not for loan Location (home branch) Sublocation or collection (holding branch) Shelving location Date acquired Koha issues (times borrowed) Koha full call number Accession No. Koha date last seen Koha item type
        VIVEKANANDA LIBRARY VIVEKANANDA LIBRARY IHTM Library 29/12/2015   338.4791 B659T 350712 17/09/2023 Books
© Designed and Maintained by Vivekananda Library, MDU Rohtak